000 01386cam a2200361 a 4500
001 12867944
003 OSt
005 20231025092230.0
008 020724s2003 enka b 001 0 eng d
010 _a 2002110569
015 _aGBA2-W5839
020 _a0761970835
020 _a0761970843 (pbk.) :
_c£16.99
035 _a(DLC)12867944
040 _aUKM
_cUKM
_dOCLCQ
_dC#P
_dFUG
_dDLC
042 _alccopycat
050 0 0 _aQ175
_b.G675 2003
082 _aW 20.5G.7134 2003
100 1 _aGott, Richard,
_d1946-
_916808
245 1 0 _aUnderstanding and using scientific evidence :
_bhow to critically evaluate data /
_cRichard Gott and Sandra Duggan.
260 _aLondon ;
_aThousand Oaks, Calif. :
_bSAGE,
_c2003.
300 _aix, 198 p. :
_bill. ;
_c24 cm.
504 _aIncludes bibliographical references and index.
650 0 _aScience
_xPhilosophy.
_93588
650 0 _aEvidence.
_916809
700 1 _aDuggan, Sandra,
_d1949-
_916810
856 4 2 _3Publisher description
_uhttp://www.loc.gov/catdir/enhancements/fy0656/2002110569-d.html
856 4 1 _3Table of contents only
_uhttp://www.loc.gov/catdir/enhancements/fy0656/2002110569-t.html
906 _a7
_bcbc
_ccopycat
_d3
_encip
_f20
_gy-gencatlg
942 _2z
_cO_SHELF
999 _c8232
_d8232